Quizzes
Events
Quiz Creation
Community
Videos
Private Events
Remove Ads
Sign In
Join for FREE
Feedback
Dark Mode
Quiz Categories
Sports
Geography
Music
Movies
Television
Just For Fun
Miscellaneous
History
Literature
Language
Science
Gaming
Entertainment
Religion
Holiday
For Kids
Quiz Lab
Recent
Popular Today
Quiz Kudos Today
Editor Picks
Curator Picks
Quizzes by...
Day
Popularity
Type
Ratings
Length
Year
Community
Subscriptions
Recent Discussions
Orange Saloon
Badges
Playlists
Quests
Create
Leaderboards
Showdown
Live 5
Trivia Bingo
Activity
Puzzle Library
Sporcle Events
Private Events
Virtual Trivia
Globe League
Become a Host
Pub Owners
SporcleCon
Opinionation
Our Games
Videos
Blog
Mobile Apps
Partnerships
Remove Ads and Go Orange
Feedback
Language
Vocabulary
Begins and Ends
Definition
Spanish
French
German
Italian
Chinese
Latin
Translation
Japanese
Language
Vocabulary
Begins and Ends
Definition
Spanish
French
German
Italian
Chinese
Latin
Translation
Japanese
Random Quiz
Search Sporcle
×
Editor Pick
Editor Pick
Language
Official Languages
Select answers by clicking on text or image buttons
Select answers by clicking on text or image buttons
Clickable
Best Score? Go Orange.
Country-Language Match-Up Stats
Can you pick the country which matches each official language?
By
gnatural
6m
28 Questions
2,471 Plays
2,471 Plays
2,471 Plays
Comments
Comments
Give Quiz Kudos
Give Quiz Kudos
-
- Ratings
hide this ad
More Info
Forced Order
Answers have to be entered in order
Answers have to be entered in order
Replay
Link that replays current quiz
Next Quiz
Link to next quiz in quiz playlist
You Got
0%
They Got
Avg Score
63%
Avg Friend Score
Upgrade to see
Score Distribution
Jump to the score distribution portion of the page
Score
0/28
Timer
06:00
0
Plays Today
% Correct
Philippines
96%
Israel
92.8%
Ireland
89.2%
Marshall Islands
89%
Belgium
80.9%
San Marino
80.2%
Liechtenstein
79.6%
Taiwan
77.9%
New Zealand
75.1%
Andorra
73.4%
Kosovo
72%
Cyprus
69.9%
Cambodia
67.3%
India
66.6%
% Correct
Kazakhstan
63.2%
Madagascar
60.8%
Hungary
56.8%
Bolivia
55.5%
Sri Lanka
53.7%
Rwanda
53%
Afghanistan
52.6%
Tanzania
49.3%
Timor-Leste
45.3%
South Africa
43.9%
Paraguay
42.6%
Bhutan
39.9%
Zambia
33.1%
Malawi
28.3%
Quiz Playlist
Details
Report
Send in Message
Add To Playlist
More Info:
Each language is OFFICIAL in only ONE of the listed countries.
Clickable:
Select answers by clicking on text or image buttons
Forced Order:
Answers have to be entered in order
Quiz Source
Last Updated: Feb 16, 2017
Editor Pick in
Language
Quiz Scoreboard
CHALLENGE
Sign Up to Join the Scoreboard
Show All
Scores
Hide
Comments
May contain spoilers
Recently Published
TV Characters by Other Roles V
by ghcgh
Television
5m
Decade Duel: World Leaders
by jenniferyan
History
4m
Alphabetical 'K' Countries by Flag Minefield
by ylime102
Geography
3m
More to Explore
Quiz From the Vault
Featured Blog Post
15 Basketball Trivia Facts You Can Be March Mad About
hide this ad
You Might Also Like...
Tags
Official Languages
Today's Top Quizzes in Language
Browse Language
hide this ad
Today's Top Quizzes in Official Languages
Browse Official Languages
Top Contributed Quizzes in Language
1
Spring or Fall
2
Spanish Seasons
3
Multilingual Seasons
4
Name the 4 Seasons in English
5
Einsilbige Reime auf Chips
6
Seasonal Rhymes
7
Spring or Fall?
8
Quick Pick: Seasons in Esperanto
9
Quick Pick: Prefixes for Spring
10
Rhymes With 'Spring'
Explore More
Trending Topics
Anime
Harry Potter
Marvel
Crossword
Kpop
Disney
NBA
The Office
Song
Soccer
Country
WWE
NFL
Puzzle
Pokémon
hide this ad
More By:
gnatural
Quiz
Plays
Rating
Category
Featured
Created
Name the Third Member
213,600
4.22
Miscellaneous
Dec 13, 2009
Game by Object
190,638
3.98
Gaming
Dec 13, 2009
Countries: Three by Three
106,045
4.48
Geography
Dec 6, 2010
European Country & Capital Initials
101,157
4.07
Geography
Jun 2, 2011
Official State Grab Bag
101,087
4.41
Geography
Jan 12, 2011
Go to Creator's Profile
Score Distribution
Quiz Creator Spotlight
gnatural
Follow
Send a Message
Quizzes Created
-
Created Quiz Play Count
-
More By This Creator
Popular Quizzes Today
1
Countries of Asia Without Outlines Minefield
2
Find the US States - No Outlines Minefield
3
Pick 6: Fruits
4
The Countries of the World
5
Alphabetical 'K' Countries by Flag Minefield
6
Find the Countries of Europe - No Outlines Minefield
7
US States
8
Find the US States
More Language Quizzes
Indefinite Definitions III
Published
Trending Quizzes
Pick 6: Mountains
Pick 6: Harry Potter
Pick 6: Flags
Pick 6: NFL Teams
Pick 6: Movie Franchises
Recently Updated
Adaptations: Name the Title
pecheneg
NWSL Teams
pecheneg
Women's Final Four Teams by Year
bhenderson79
Presidents Quartet II
eogle
Anything But Clue(do)
eogle
Anything But Oceanian Capitals
eogle
Anything But 7
eogle
Anything But Thing
eogle
Word Ladder: February 29
pecheneg
Song Title Questions
pecheneg
Trending Topics
Disney
Harry Potter
Anime
Crossword
Kpop
Marvel
NBA
The Office
Pokémon
Song
Puzzle
Soccer
WWE
Country
NFL
Your Account Isn't Verified!
In order to create a playlist on Sporcle, you need to verify the email address you used during registration. Go to your
Sporcle Settings
to finish the process.
Report this User
Report this user for behavior that violates our
Community Guidelines
.
Details:
Send Report
Go to the Sporcle.com Mobile Site →
Comments